[Event "EU-ch U18"]
[Site "Vejen"]
[Date "1993.??.??"]
[Round "9"]
[White "Roberts, Paul"]
[Black "Brancaleoni, Maurizio"]
[Result "1-0"]
[WhiteElo "2195"]
[BlackElo "2195"]
[PlyCount "81"]
[EventDate "1993.??.??"]
[EventType "swiss"]
[EventRounds "11"]
[EventCountry "DEN"]
[Source "ChessBase"]
[SourceDate "1998.11.10"]

1. e4 e5 2. Nf3 Nc6 3. Bb5 Nf6 4. Qe2 a6 5. Ba4 b5 6. Bb3 Bc5 7. d3 h6 8. O-O
O-O 9. Nbd2 d6 10. c3 Nh5 11. Bc2 Bb6 12. Nb3 Bg4 13. Be3 Qf6 14. Nbd2 Nf4 15.
Bxf4 Qxf4 16. Bb3 Ne7 17. g3 Qf6 18. Kg2 g5 19. h3 Bh5 20. Rg1 Kg7 21. Nf1 Bg6
22. Qd2 Rg8 23. N1h2 Kh8 24. Ng4 Qg7 25. Rh1 Rgf8 26. Nxg5 hxg5 27. h4 Rfd8 28.
hxg5+ Kg8 29. Rh2 c6 30. Rah1 Kf8 31. Nf6 Ng8 32. f4 Nxf6 33. gxf6 Qxf6 34. f5
Bxf5 35. Rf1 d5 36. Rxf5 Qg7 37. exd5 cxd5 38. Qe2 Bc7 39. Qf3 Rd7 40. Bxd5 Re8
41. Rh8+ 1-0

[Event "EU-ch U18"]
[Site "Vejen"]
[Date "1993.??.??"]
[Round "9"]
[White "Savko, Alexei"]
[Black "Vedder, Henk"]
[Result "1-0"]
[WhiteElo "2340"]
[BlackElo "2385"]
[PlyCount "61"]
[EventDate "1993.??.??"]
[EventType "swiss"]
[EventRounds "11"]
[EventCountry "DEN"]
[Source "ChessBase"]
[SourceDate "1998.11.10"]

1. e4 e6 2. d4 d5 3. e5 b6 4. c3 Qd7 5. a4 a5 6. Nf3 Ne7 7. Bd3 Ba6 8. O-O Bxd3
9. Qxd3 Nbc6 10. b3 h5 11. Ba3 Nf5 12. Bxf8 Kxf8 13. Nbd2 Qd8 14. Rfb1 g5 15.
Nf1 g4 16. N3d2 Qg5 17. Ne3 Nce7 18. Ndf1 Rg8 19. Nxf5 Nxf5 20. Ng3 Ne7 21. Ne2
h4 22. b4 Nf5 23. bxa5 Rxa5 24. Rb5 Rxb5 25. axb5 Ke7 26. Ra7 Kd7 27. c4 Ne7
28. c5 Nc8 29. c6+ Kd8 30. Ra8 Qe7 31. Qb3 1-0

[Event "EU-ch U18"]
[Site "Vejen"]
[Date "1993.??.??"]
[Round "9"]
[White "Van Beers, Eddy"]
[Black "Oms Pallisse, Josep"]
[Result "1-0"]
[WhiteElo "2175"]
[BlackElo "2150"]
[PlyCount "145"]
[EventDate "1993.??.??"]
[EventType "swiss"]
[EventRounds "11"]
[EventCountry "DEN"]
[Source "ChessBase"]
[SourceDate "1998.11.10"]

1. d4 e6 2. c4 f5 3. g3 Nf6 4. Bg2 Be7 5. Nf3 c6 6. O-O O-O 7. b3 a5 8. Ba3
Bxa3 9. Nxa3 Qe7 10. Nb1 d6 11. Qc2 e5 12. dxe5 dxe5 13. Nc3 e4 14. Nd4 Na6 15.
Na4 Bd7 16. Qc3 Qe5 17. Rad1 Rfe8 18. a3 Rad8 19. e3 Qc7 20. c5 Nd5 21. Qc4 Kh8
22. Rd2 Be6 23. Nxe6 Rxe6 24. Nc3 Qe7 25. Nxd5 cxd5 26. Rxd5 Rxd5 27. Qxd5 Re5
28. Qd6 Nxc5 29. Qxe7 Rxe7 30. Rc1 Rc7 31. f3 exf3 32. Bxf3 b6 33. b4 axb4 34.
axb4 Ne6 35. Rd1 g6 36. Rd6 Ng5 37. Bc6 Ne4 38. Bxe4 fxe4 39. Rd4 Rc1+ 40. Kg2
Rc2+ 41. Kh3 Kg7 42. g4 Kf6 43. Rxe4 h5 44. gxh5 gxh5 45. Kg3 Rb2 46. h3 Kf5
47. Rf4+ Ke5 48. Rh4 Kf6 49. Kf3 Kg5 50. Rd4 Kf5 51. Rd5+ Kg6 52. Rb5 Rh2 53.
Rxb6+ Kg5 54. Kg3 Re2 55. Rb5+ Kf6 56. Kf4 Rf2+ 57. Kg3 Re2 58. Kf3 Rb2 59. h4
Kg6 60. Rg5+ Kh6 61. b5 Rb4 62. e4 Rb3+ 63. Kf4 Rh3 64. Rc5 Rxh4+ 65. Kf5 Rh1
66. Rc6+ Kg7 67. Rc7+ Kh6 68. Rc6+ Kg7 69. Kg5 Kf7 70. b6 Rb1 71. Kxh5 Re1 72.
Kg5 Rxe4 73. Kf5 1-0

[Event "EU-ch U18"]
[Site "Vejen"]
[Date "1993.??.??"]
[Round "10"]
[White "Babula, Vlastimil"]
[Black "Borovikov, Vladislav"]
[Result "0-1"]
[WhiteElo "2395"]
[BlackElo "2385"]
[PlyCount "90"]
[EventDate "1993.??.??"]
[EventType "swiss"]
[EventRounds "11"]
[EventCountry "DEN"]
[Source "ChessBase"]
[SourceDate "1998.11.10"]

1. d4 d5 2. c4 e6 3. Nc3 c6 4. Nf3 f5 5. g3 Nf6 6. Bg2 Bd6 7. Bf4 Bxf4 8. gxf4
O-O 9. e3 b6 10. Ne5 Bb7 11. O-O Nbd7 12. Rc1 Ne4 13. Nxe4 fxe4 14. cxd5 Nxe5
15. fxe5 cxd5 16. Qg4 Qe7 17. f4 exf3 18. Rxf3 Rxf3 19. Bxf3 Rf8 20. a3 Ba6 21.
Rc6 Rf5 22. h4 h5 23. Qg3 Qf7 24. Bg2 Bf1 25. Rc2 Bxg2 26. Rxg2 Kh7 27. Kh2 g5
28. hxg5 Kg6 29. Qe1 Rf3 30. Qc3 h4 31. Qc2+ Qf5 32. Qc8 Rh3+ 33. Kg1 Qb1+ 34.
Kf2 Qxb2+ 35. Kg1 Qb1+ 36. Kf2 Qf5+ 37. Kg1 Rg3 38. Qe8+ Kxg5 39. Qg8+ Qg6 40.
Qd8+ Kg4 41. Qf6 Qb1+ 42. Kh2 Rxg2+ 43. Kxg2 h3+ 44. Kf2 Qf5+ 45. Kg1 b5 0-1

[Event "EU-ch U18"]
[Site "Vejen"]
[Date "1993.??.??"]
[Round "10"]
[White "Georgiev, Vladimir"]
[Black "Danielian, Oganes"]
[Result "1/2-1/2"]
[WhiteElo "2430"]
[BlackElo "2460"]
[PlyCount "98"]
[EventDate "1993.??.??"]
[EventType "swiss"]
[EventRounds "11"]
[EventCountry "DEN"]
[Source "ChessBase"]
[SourceDate "1998.11.10"]

1. d4 d5 2. c4 e6 3. Nc3 Be7 4. Nf3 Nf6 5. cxd5 exd5 6. Bg5 c6 7. Qc2 Nbd7 8.
e3 Nh5 9. Bxe7 Qxe7 10. Be2 g6 11. O-O O-O 12. Rab1 Nb6 13. Bd3 Ng7 14. b4 a6
15. Na4 Nxa4 16. Qxa4 Bf5 17. Qc2 Bxd3 18. Qxd3 Nf5 19. a4 Nd6 20. a5 f6 21.
Nd2 Rae8 22. Nb3 Kg7 23. Rbe1 f5 24. f4 Nc4 25. Nc5 Qf7 26. Qc3 Re7 27. Rf3
Rfe8 28. Qc1 Qf6 29. Re2 Qd6 30. Qe1 Rb8 31. h3 h5 32. Qh4 Qf6 33. Qxf6+ Kxf6
34. Kf2 b6 35. axb6 Rxb6 36. Nd3 Ra7 37. Ra2 a5 38. bxa5 Rba6 39. Ne5 Rxa5 40.
Rxa5 Rxa5 41. Rg3 Nxe5 42. fxe5+ Kf7 43. h4 c5 44. e6+ Kf6 45. e7 Ra8 46. dxc5
Re8 47. Rf3 Rxe7 48. Rf4 Re4 49. Ke2 Rc4 1/2-1/2

[Event "EU-ch U18"]
[Site "Vejen"]
[Date "1993.??.??"]
[Round "10"]
[White "Guliev, Logman"]
[Black "Peart, Alan"]
[Result "1/2-1/2"]
[WhiteElo "2315"]
[BlackElo "2115"]
[PlyCount "54"]
[EventDate "1993.??.??"]
[EventType "swiss"]
[EventRounds "11"]
[EventCountry "DEN"]
[Source "ChessBase"]
[SourceDate "1998.11.10"]

1. e4 c5 2. Nf3 d6 3. d4 cxd4 4. Nxd4 Nf6 5. Nc3 g6 6. g3 Nc6 7. Nde2 Bg7 8.
Bg2 Bd7 9. O-O Qc8 10. Nf4 O-O 11. Ncd5 Nxd5 12. Nxd5 Bh3 13. Bg5 Bxg2 14. Kxg2
Re8 15. c3 h6 16. Be3 Ne5 17. Bd4 e6 18. Ne3 Qc6 19. f3 Red8 20. b3 h5 21. c4
Ng4 22. Nd5 exd5 23. exd5 Qd7 24. fxg4 Qxg4 25. Qxg4 hxg4 26. Rad1 Re8 27. Rf2
Re4 1/2-1/2

[Event "EU-ch U18"]
[Site "Vejen"]
[Date "1993.??.??"]
[Round "10"]
[White "Hebesberger, Thomas"]
[Black "Hedman, Erik"]
[Result "0-1"]
[WhiteElo "2175"]
[BlackElo "2255"]
[PlyCount "90"]
[EventDate "1993.??.??"]
[EventType "swiss"]
[EventRounds "11"]
[EventCountry "DEN"]
[Source "ChessBase"]
[SourceDate "1998.11.10"]

1. d4 Nf6 2. Nf3 d5 3. Bg5 Ne4 4. h4 c5 5. e3 cxd4 6. exd4 Qb6 7. Nc3 Nxc3 8.
bxc3 Nd7 9. Bd3 Nf6 10. Qe2 h6 11. Bf4 Bg4 12. O-O a6 13. Qe3 Bxf3 14. Qxf3 Qc6
15. c4 b6 16. cxd5 Qxd5 17. Qe3 e6 18. c4 Qb7 19. Rfe1 Be7 20. d5 O-O 21. Rab1
Rfe8 22. Rxb6 Qc8 23. Rc6 Qd8 24. d6 Bf8 25. Be5 Ng4 26. Qg3 h5 27. f3 Nh6 28.
c5 Qa5 29. Rc7 Rec8 30. Rxc8 Rxc8 31. Bd4 Qa4 32. Qf4 Rxc5 33. Qe4 Rf5 34. g4
hxg4 35. fxg4 Nxg4 36. Qxg4 Rd5 37. Qe4 Qxd4+ 38. Qxd4 Rxd4 39. Bxa6 Bxd6 40.
h5 Ra4 41. Bd3 Rxa2 42. Re2 Ra5 43. Rc2 Rxh5 44. Rc8+ Bf8 45. Kf2 g6 0-1

[Event "EU-ch U18"]
[Site "Vejen"]
[Date "1993.??.??"]
[Round "10"]
[White "Huberty, Marc"]
[Black "Roberts, Paul"]
[Result "1-0"]
[WhiteElo "2130"]
[BlackElo "2195"]
[PlyCount "75"]
[EventDate "1993.??.??"]
[EventType "swiss"]
[EventRounds "11"]
[EventCountry "DEN"]
[Source "ChessBase"]
[SourceDate "1998.11.10"]

1. e4 c5 2. Nc3 e6 3. Nge2 Nc6 4. g3 Nf6 5. Bg2 Be7 6. O-O a6 7. d3 d6 8. Kh1
Qc7 9. a3 Bd7 10. Bd2 Rd8 11. f4 Bc8 12. Rb1 b5 13. f5 Ne5 14. Nf4 b4 15. axb4
cxb4 16. Nce2 d5 17. fxe6 dxe4 18. exf7+ Nxf7 19. dxe4 O-O 20. Nd5 Nxd5 21.
exd5 Bg4 22. Qe1 Bf6 23. Nf4 Qxc2 24. Bxb4 Rfe8 25. Ne6 Rc8 26. Rf2 Qb3 27. Rf4
Bxe6 28. dxe6 Rxe6 29. Qf1 Rb6 30. Ba3 Rd8 31. Re1 Ne5 32. Rxe5 Rbb8 33. Re2
Rd1 34. Re1 Rbd8 35. Rfe4 Rxe1 36. Rxe1 Bxb2 37. Bxb2 Qxb2 38. Qxa6 1-0

[Event "EU-ch U18"]
[Site "Vejen"]
[Date "1993.??.??"]
[Round "10"]
[White "Izsak, Gyula"]
[Black "Aagaard, Jacob"]
[Result "1-0"]
[WhiteElo "2385"]
[BlackElo "2255"]
[PlyCount "89"]
[EventDate "1993.??.??"]
[EventType "swiss"]
[EventRounds "11"]
[EventCountry "DEN"]
[Source "ChessBase"]
[SourceDate "1998.11.10"]

1. d4 Nf6 2. c4 e6 3. Nc3 Bb4 4. Qc2 b5 5. a3 Bxc3+ 6. Qxc3 bxc4 7. Qxc4 O-O 8.
Bg5 Ba6 9. Qc2 h6 10. Bh4 Nc6 11. Rd1 Rb8 12. Nf3 Rb6 13. b4 Qe7 14. e4 Bxf1
15. Kxf1 e5 16. d5 Nd4 17. Nxd4 exd4 18. Rxd4 Qe5 19. Bxf6 Qxf6 20. Rc4 Ra6 21.
Qc3 Qxc3 22. Rxc3 f5 23. e5 f4 24. Ke2 Re8 25. e6 dxe6 26. dxe6 Rexe6+ 27. Kf3
Rec6 28. Rb3 Rc2 29. Rd1 Re6 30. Rbd3 Ree2 31. Rf1 Red2 32. Rxd2 Rxd2 33. Ra1
Rb2 34. h4 g5 35. h5 g4+ 36. Kxg4 Rxf2 37. Rc1 Rxg2+ 38. Kxf4 Ra2 39. Rc3 c6
40. Ke5 Rh2 41. Rxc6 Rxh5+ 42. Kf6 Rh3 43. Rc8+ Kh7 44. Rc7+ Kg8 45. Rxa7 1-0

[Event "EU-ch U18"]
[Site "Vejen"]
[Date "1993.??.??"]
[Round "10"]
[White "Kekelidze, Mikheil"]
[Black "Ceteras, Marius"]
[Result "1/2-1/2"]
[WhiteElo "2230"]
[BlackElo "2330"]
[PlyCount "107"]
[EventDate "1993.??.??"]
[EventType "swiss"]
[EventRounds "11"]
[EventCountry "DEN"]
[Source "ChessBase"]
[SourceDate "1998.11.10"]

1. e4 c5 2. Nf3 Nc6 3. d4 cxd4 4. Nxd4 e5 5. Nb5 d6 6. N1c3 a6 7. Na3 b5 8. Nd5
Nf6 9. Bg5 Be7 10. Bxf6 Bxf6 11. c3 O-O 12. Nc2 Bg5 13. a4 bxa4 14. Rxa4 Bb7
15. Be2 a5 16. O-O g6 17. Nce3 Rb8 18. Qc2 Kh8 19. Rfa1 Bc8 20. Nc4 f5 21. Nxa5
Nxa5 22. Rxa5 fxe4 23. b4 Bf5 24. Ne3 Qf6 25. Bc4 Rbc8 26. Bd5 Bh4 27. c4 Bh3
28. g3 Bg5 29. Re1 Be6 30. Bxe6 Qxe6 31. Nd5 e3 32. fxe3 Rf3 33. Qe4 Rf7 34.
Raa1 Qf5 35. Qxf5 gxf5 36. b5 Rxc4 37. b6 Rb7 38. Rec1 Rxc1+ 39. Rxc1 Rxb6 40.
Rc8+ Kg7 41. Rc7+ Kg6 42. Nxb6 Bxe3+ 43. Kg2 Bxb6 44. Rd7 Bc5 45. h3 h5 46. Kf3
Ba3 47. g4 hxg4+ 48. hxg4 fxg4+ 49. Kxg4 Kf6 50. Kf3 Ke6 51. Ra7 Bc5 52. Ra6
Kd5 53. Ra4 Ke6 54. Ke4 1/2-1/2

[Event "EU-ch U18"]
[Site "Vejen"]
[Date "1993.??.??"]
[Round "10"]
[White "Kiriakov, Petr"]
[Black "Liiva, Riho"]
[Result "1-0"]
[WhiteElo "2385"]
[BlackElo "2360"]
[PlyCount "67"]
[EventDate "1993.??.??"]
[EventType "swiss"]
[EventRounds "11"]
[EventCountry "DEN"]
[Source "ChessBase"]
[SourceDate "1998.11.10"]

1. d4 d5 2. c4 c6 3. Nf3 Nf6 4. e3 e6 5. Bd3 Nbd7 6. O-O Bd6 7. Nc3 O-O 8. e4
dxe4 9. Nxe4 Nxe4 10. Bxe4 h6 11. Bc2 e5 12. b3 exd4 13. Qxd4 Be7 14. Re1 Nf6
15. Bb2 Qxd4 16. Nxd4 Bb4 17. Red1 Bc5 18. Nf5 Ng4 19. Bd4 Bxf5 20. Bxf5 Bxd4
21. Rxd4 Nf6 22. Rad1 Rfe8 23. Kf1 Kf8 24. g3 Re5 25. Bh3 Rae8 26. Bg2 a5 27.
Bf3 Ne4 28. a3 Nc5 29. b4 axb4 30. axb4 Ne6 31. Rd7 Re7 32. h4 Ke8 33. Rxb7 Nd8
34. Rb8 1-0

[Event "EU-ch U18"]
[Site "Vejen"]
[Date "1993.??.??"]
[Round "10"]
[White "Masserey, Yvan"]
[Black "Van Beers, Eddy"]
[Result "1-0"]
[WhiteElo "2320"]
[BlackElo "2175"]
[PlyCount "169"]
[EventDate "1993.??.??"]
[EventType "swiss"]
[EventRounds "11"]
[EventCountry "DEN"]
[Source "ChessBase"]
[SourceDate "1998.11.10"]

1. e4 e5 2. Nf3 Nc6 3. Be2 Nf6 4. d3 d5 5. Nbd2 h6 6. c3 Be6 7. O-O dxe4 8.
dxe4 a6 9. Qc2 Nd7 10. Nc4 g6 11. b4 Bg7 12. a4 O-O 13. Ba3 b5 14. Ne3 Na7 15.
c4 c6 16. axb5 axb5 17. Bb2 bxc4 18. Nxc4 Qc7 19. Rfc1 Rfc8 20. Qd2 Rd8 21. Qe3
f6 22. Na5 Nf8 23. b5 Nxb5 24. Rxc6 Qe7 25. Rb6 Na7 26. Ba3 Qe8 27. Nb7 Rdb8
28. Bd6 Nc8 29. Rxa8 Rxa8 30. Rb1 Nxd6 31. Nxd6 Qc6 32. Nb5 Kh7 33. h4 h5 34.
Rc1 Qd7 35. Rc7 Ra1+ 36. Kh2 Qd8 37. Qb6 Qe8 38. Qb7 Bd7 39. Nc3 Rc1 40. Qb2
Rxc3 41. Qxc3 Ne6 42. Ra7 Qc8 43. Qxc8 Bxc8 44. Nd2 Nd4 45. Bc4 f5 46. f3 Be6
47. Re7 fxe4 48. fxe4 Bg4 49. Kg3 Kh8 50. Nf3 Bxf3 51. gxf3 Bf8 52. Rf7 Bh6 53.
Kf2 Bd2 54. Rb7 Bf4 55. Bf7 g5 56. hxg5 Bxg5 57. Bxh5 Bf4 58. Kg2 Kg8 59. Be8
Kf8 60. Ba4 Ne6 61. Kh3 Be3 62. Kg4 Nd4 63. Bd1 Ke8 64. Kh5 Kd8 65. Kg6 Bf4 66.
Kf6 Kc8 67. Rh7 Kd8 68. Rh5 Nc6 69. Ke6 Kc7 70. Rh7+ Kb6 71. Kd5 Nb4+ 72. Kc4
Nc6 73. Rg7 Nd4 74. Rg6+ Kc7 75. Kd5 Nb5 76. Kc5 Nd4 77. Rg7+ Kd8 78. Rh7 Kc8
79. Kd5 Nb5 80. Ba4 Nd4 81. Kd6 Kb8 82. Bc6 Be3 83. Rb7+ Kc8 84. Rb4 Bh6 85.
Bd7+ 1-0

[Event "EU-ch U18"]
[Site "Vejen"]
[Date "1993.??.??"]
[Round "10"]
[White "Oratovsky, Michael"]
[Black "Maiwald, Jens Uwe"]
[Result "1-0"]
[WhiteElo "2420"]
[BlackElo "2430"]
[PlyCount "71"]
[EventDate "1993.??.??"]
[EventType "swiss"]
[EventRounds "11"]
[EventCountry "DEN"]
[Source "ChessBase"]
[SourceDate "1998.11.10"]

1. e4 e6 2. d3 d5 3. Nd2 c5 4. g3 Nc6 5. Bg2 g6 6. Ngf3 Bg7 7. O-O Nge7 8. Re1
O-O 9. h4 h6 10. e5 f5 11. exf6 Rxf6 12. Nh2 Rf7 13. Ng4 Qd6 14. Nb3 Kh7 15. c4
Bd7 16. Be3 b6 17. d4 dxc4 18. dxc5 Qxd1 19. Raxd1 Nd5 20. Nd4 Ncb4 21. c6 Bc8
22. Be4 Rf5 23. Bc1 Rh5 24. a3 e5 25. Nb5 Bxg4 26. f3 Be6 27. axb4 a6 28. Bxd5
Bxd5 29. Rxd5 axb5 30. c7 Rc8 31. g4 Rxh4 32. Rd7 Kg8 33. Be3 Bf6 34. Bxb6 h5
35. Red1 hxg4 36. Rd8+ 1-0

[Event "EU-ch U18"]
[Site "Vejen"]
[Date "1993.??.??"]
[Round "10"]
[White "Rogozenco, Dorian"]
[Black "Onischuk, Alexander"]
[Result "0-1"]
[WhiteElo "2500"]
[BlackElo "2495"]
[PlyCount "74"]
[EventDate "1993.??.??"]
[EventType "swiss"]
[EventRounds "11"]
[EventCountry "DEN"]
[Source "ChessBase"]
[SourceDate "1998.11.10"]

1. d4 Nf6 2. c4 e6 3. Nc3 Bb4 4. Bg5 c5 5. d5 d6 6. e3 Qe7 7. Nf3 Bxc3+ 8. bxc3
h6 9. Bh4 g5 10. Bg3 e5 11. Nd2 Bf5 12. h4 Rg8 13. hxg5 hxg5 14. f3 e4 15. Qb1
Nbd7 16. fxe4 Bxe4 17. Bxd6 Qxd6 18. Nxe4 Qe5 19. Nxf6+ Nxf6 20. Qb5+ Kd8 21.
O-O-O Ne4 22. Qb2 Kc7 23. Bd3 Nd6 24. Qa3 b6 25. Kc2 Kb7 26. Rh3 Rh8 27. Rdh1
Rhd8 28. Rf1 Rac8 29. Qc1 b5 30. cxb5 Qxd5 31. Rd1 c4 32. Bh7 Qc5 33. Rf3 Qe5
34. Rdf1 Rc7 35. Qa3 Nxb5 36. Qb4 Ka8 37. a4 Nd6 0-1

[Event "EU-ch U18"]
[Site "Vejen"]
[Date "1993.??.??"]
[Round "10"]
[White "Silva, Paulo"]
[Black "Lassila, Erkki"]
[Result "1/2-1/2"]
[WhiteElo "1950"]
[BlackElo "2115"]
[PlyCount "38"]
[EventDate "1993.??.??"]
[EventType "swiss"]
[EventRounds "11"]
[EventCountry "DEN"]
[Source "ChessBase"]
[SourceDate "1998.11.10"]

1. c4 e6 2. Nc3 d5 3. cxd5 exd5 4. d3 Nf6 5. g3 Be7 6. Bg2 O-O 7. Nf3 c6 8. O-O
Nbd7 9. e4 dxe4 10. dxe4 Nb6 11. Qc2 Bg4 12. Rd1 Qc8 13. Bf4 Re8 14. Bd6 Bxd6
15. Rxd6 Nc4 16. Rd4 Bxf3 17. Bxf3 Qe6 18. b3 Ne5 19. Bg2 Qg4 1/2-1/2

[Event "EU-ch U18"]
[Site "Vejen"]
[Date "1993.??.??"]
[Round "10"]
[White "Turner, Matthew"]
[Black "Pedersen, Steffen"]
[Result "0-1"]
[WhiteElo "2400"]
[BlackElo "2385"]
[PlyCount "86"]
[EventDate "1993.??.??"]
[EventType "swiss"]
[EventRounds "11"]
[EventCountry "DEN"]
[Source "ChessBase"]
[SourceDate "1998.11.10"]

1. e4 e5 2. Nf3 d6 3. d4 Nf6 4. dxe5 Nxe4 5. Qd5 Nc5 6. Bg5 Qd7 7. exd6 Bxd6 8.
Nc3 O-O 9. O-O-O a6 10. Be3 Qc6 11. Qh5 b6 12. Bc4 Qd7 13. Ng5 Qf5 14. Rxd6
cxd6 15. Nd5 Nc6 16. Bxc5 h6 17. Bxd6 Be6 18. g4 Qxf2 19. Nxe6 fxe6 20. Bxf8
Rxf8 21. Qg6 exd5 22. Bxd5+ Kh8 23. Bxc6 Qf4+ 24. Kd1 Rd8+ 25. Qd3 Rxd3+ 26.
cxd3 Qxg4+ 27. Ke1 Qb4+ 28. Kf1 Qxb2 29. Bd5 g5 30. Rg1 Qb1+ 31. Kg2 Qxd3 32.
Bf3 Qd2+ 33. Kh1 Qxa2 34. Rd1 Qe6 35. Rc1 a5 36. Rc6 Qe1+ 37. Kg2 Qd2+ 38. Kh3
Qe3 39. Kg2 a4 40. Rxh6+ Kg7 41. Rc6 a3 42. Rc7+ Kf6 43. Rc2 b5 0-1

[Event "EU-ch U18"]
[Site "Vejen"]
[Date "1993.??.??"]
[Round "11"]
[White "Aleksandrov, Aleksej"]
[Black "Babula, Vlastimil"]
[Result "0-1"]
[WhiteElo "2530"]
[BlackElo "2395"]
[PlyCount "118"]
[EventDate "1993.??.??"]
[EventType "swiss"]
[EventRounds "11"]
[EventCountry "DEN"]
[Source "ChessBase"]
[SourceDate "1998.11.10"]

1. d4 Nf6 2. c4 g6 3. Nc3 Bg7 4. e4 d6 5. Bd3 O-O 6. Nge2 e5 7. d5 c6 8. O-O
Na6 9. a3 cxd5 10. cxd5 Nc5 11. Bc2 a5 12. f3 Nfd7 13. Be3 Bf6 14. b4 axb4 15.
axb4 Rxa1 16. Qxa1 Na6 17. Qa3 Bg5 18. Bf2 Bd2 19. Rd1 Bh6 20. Na4 Nc7 21. Nec3
f5 22. b5 Ne8 23. Nb2 Ndf6 24. Nc4 Qc7 25. b6 Qd7 26. Qb4 fxe4 27. Nxe4 Nxe4
28. Bxe4 Qe7 29. Ra1 Bf5 30. Ne3 Bxe4 31. Qxe4 Nf6 32. Qc4 e4 33. Re1 Qf7 34.
Qe2 exf3 35. Qxf3 Bxe3 36. Rxe3 Nxd5 37. Qxf7+ Kxf7 38. Rf3+ Ke7 39. Bh4+ Ke8
40. Rd3 Nf4 41. Rd2 Kd7 42. Bg3 Kc6 43. Rc2+ Kxb6 44. Bf2+ Ka6 45. Ra2+ Kb5 46.
h4 Kc6 47. Rc2+ Kd7 48. Rd2 Rc8 49. Bg3 Rc4 50. Kf2 Kc6 51. Kf3 Nd5 52. Re2
Rc3+ 53. Kf2 Rd3 54. Re6 Nc3 55. Bf4 b5 56. Re7 b4 57. Rxh7 b3 58. Bc1 Rd1 59.
Ba3 Nb5 0-1

[Event "EU-ch U18"]
[Site "Vejen"]
[Date "1993.??.??"]
[Round "11"]
[White "Antonsen, Mikkel"]
[Black "Georgiev, Vladimir"]
[Result "1-0"]
[WhiteElo "2385"]
[BlackElo "2430"]
[PlyCount "87"]
[EventDate "1993.??.??"]
[EventType "swiss"]
[EventRounds "11"]
[EventCountry "DEN"]
[Source "ChessBase"]
[SourceDate "1998.11.10"]

1. d4 Nf6 2. c4 d6 3. Nc3 g6 4. e4 Bg7 5. f3 Nc6 6. Nge2 a6 7. Be3 Rb8 8. Qd2
b5 9. Bh6 O-O 10. Bxg7 Kxg7 11. O-O-O bxc4 12. g4 Nb4 13. Ng3 c5 14. d5 Nd7 15.
f4 Nb6 16. g5 Bd7 17. h4 Na4 18. Bxc4 Qa5 19. Nxa4 Bxa4 20. Qc3+ Kg8 21. Rd2
Rfc8 22. h5 Bb5 23. a3 Nc6 24. Bxb5 axb5 25. dxc6 b4 26. Qe3 c4 27. hxg6 fxg6
28. Qd4 c3 29. Qd5+ Qxd5 30. Rxd5 Rxc6 31. b3 c2 32. axb4 Rc3 33. Ne2 Rxb3 34.
Kxc2 Re3 35. Nc3 Rc8 36. Rd3 Rxe4 37. Kb3 Rxf4 38. Nd5 Re4 39. b5 Rc5 40. Nc3
Rf4 41. b6 Rf8 42. Rd5 Rcc8 43. Rb5 Rb8 44. Ra1 1-0

[Event "EU-ch U18"]
[Site "Vejen"]
[Date "1993.??.??"]
[Round "11"]
[White "Borovikov, Vladislav"]
[Black "Oratovsky, Michael"]
[Result "1-0"]
[WhiteElo "2385"]
[BlackElo "2420"]
[PlyCount "91"]
[EventDate "1993.??.??"]
[EventType "swiss"]
[EventRounds "11"]
[EventCountry "DEN"]
[Source "ChessBase"]
[SourceDate "1998.11.10"]

1. d4 d6 2. Nf3 g6 3. c4 Bg7 4. g3 Nd7 5. Bg2 e5 6. Nc3 Ngf6 7. O-O O-O 8. h3
c6 9. e4 Qa5 10. Re1 exd4 11. Nxd4 Ne5 12. Bf1 Re8 13. Be3 Be6 14. Nxe6 Rxe6
15. Kg2 Rae8 16. f3 a6 17. Qd2 b5 18. cxb5 axb5 19. a3 h5 20. Rac1 b4 21. axb4
Qxb4 22. Nd1 Qb8 23. Nf2 h4 24. g4 Nxf3 25. Kxf3 d5 26. Bf4 dxe4+ 27. Nxe4 Nxe4
28. Rxe4 Qb3+ 29. Qd3 Qxb2 30. Rxe6 Rxe6 31. Rb1 Qa2 32. Rb8+ Bf8 33. Qc3 Qd5+
34. Kf2 g5 35. Bc4 Qc5+ 36. Be3 Qd6 37. Rxf8+ Kxf8 38. Bxe6 Qh2+ 39. Ke1 Qh1+
40. Kd2 Qg2+ 41. Ke1 Qh1+ 42. Ke2 Qg2+ 43. Bf2 fxe6 44. Qf6+ Ke8 45. Qxe6+ Kd8
46. Qf6+ 1-0

[Event "EU-ch U18"]
[Site "Vejen"]
[Date "1993.??.??"]
[Round "11"]
[White "Brancaleoni, Maurizio"]
[Black "Lassila, Erkki"]
[Result "1-0"]
[WhiteElo "2195"]
[BlackElo "2115"]
[PlyCount "83"]
[EventDate "1993.??.??"]
[EventType "swiss"]
[EventRounds "11"]
[EventCountry "DEN"]
[Source "ChessBase"]
[SourceDate "1998.11.10"]

1. d4 d5 2. c4 e6 3. Nc3 Nf6 4. cxd5 exd5 5. Bg5 Nbd7 6. e3 Be7 7. Bd3 O-O 8.
Nge2 Re8 9. Qc2 Nf8 10. O-O c6 11. f3 b6 12. Rad1 Bb7 13. e4 h6 14. Bxf6 Bxf6
15. e5 Be7 16. f4 a6 17. Kh1 c5 18. Qd2 Qc7 19. Bb1 Rad8 20. Qd3 b5 21. dxc5
Qxc5 22. Nd4 b4 23. Nce2 Qb6 24. Qg3 Bc8 25. f5 Bc5 26. f6 g6 27. Qe3 Kh7 28.
Rf4 Ne6 29. Rh4 Bf8 30. Qg3 Nxd4 31. Nxd4 Be6 32. Nf3 Rd7 33. h3 Rc8 34. Kh2 a5
35. Bd3 Kg8 36. Nd4 Kh7 37. Rf1 Rdc7 38. Rff4 Rc1 39. Qg5 Qc5 40. Rxh6+ Bxh6
41. Qxh6+ Kxh6 42. Rh4+ 1-0

[Event "EU-ch U18"]
[Site "Vejen"]
[Date "1993.??.??"]
[Round "11"]
[White "Danielian, Oganes"]
[Black "Skrebnevskis, Romanas"]
[Result "1/2-1/2"]
[WhiteElo "2460"]
[BlackElo "2105"]
[PlyCount "80"]
[EventDate "1993.??.??"]
[EventType "swiss"]
[EventRounds "11"]
[EventCountry "DEN"]
[Source "ChessBase"]
[SourceDate "1998.11.10"]

1. d4 e6 2. Nf3 Nf6 3. c4 c5 4. d5 b5 5. Bg5 Qb6 6. Nc3 b4 7. Na4 Qc7 8. Qc2
Be7 9. e4 e5 10. h3 d6 11. b3 Nbd7 12. Be2 Nb6 13. Nb2 a5 14. a4 Bd7 15. Nd1
O-O-O 16. Bd2 Ng8 17. g4 Rf8 18. Ne3 g6 19. O-O-O Kb8 20. Ne1 Bg5 21. N1g2 Ne7
22. h4 Bxe3 23. Bxe3 f6 24. Bd2 Qc8 25. Ne3 h6 26. Rh2 g5 27. Nf5 Nxf5 28. gxf5
Be8 29. Rdh1 Bf7 30. Qd1 Qe8 31. hxg5 hxg5 32. Qg1 Nd7 33. Qg3 Kc8 34. Rh3 Rxh3
35. Qxh3 Rg8 36. Qh7 Qf8 37. Be3 Kd8 38. Bh5 Kc7 39. Kd2 Rg7 40. Qh8 Rg8
1/2-1/2

[Event "EU-ch U18"]
[Site "Vejen"]
[Date "1993.??.??"]
[Round "11"]
[White "Guliev, Logman"]
[Black "Silva, Paulo"]
[Result "1/2-1/2"]
[WhiteElo "2315"]
[BlackElo "1950"]
[PlyCount "55"]
[EventDate "1993.??.??"]
[EventType "swiss"]
[EventRounds "11"]
[EventCountry "DEN"]
[Source "ChessBase"]
[SourceDate "1998.11.10"]

1. e4 e5 2. Nf3 Nf6 3. Nxe5 d6 4. Nf3 Nxe4 5. d4 d5 6. Bd3 Bd6 7. O-O O-O 8. c4
c6 9. Nc3 Nxc3 10. bxc3 dxc4 11. Bxc4 Bg4 12. Rb1 Nd7 13. Bd3 b6 14. h3 Bh5 15.
Be4 Bg6 16. Bxg6 hxg6 17. Bg5 Qc7 18. Qd3 b5 19. Rfe1 Nb6 20. Re2 Rfe8 21. Rbe1
Qd7 22. Nd2 Rxe2 23. Qxe2 Kf8 24. Qf3 Re8 25. Be3 Bc7 26. Rc1 Qd5 27. Qxd5 cxd5
28. Rb1 1/2-1/2

[Event "EU-ch U18"]
[Site "Vejen"]
[Date "1993.??.??"]
[Round "11"]
[White "Hebesberger, Thomas"]
[Black "Oms Pallisse, Josep"]
[Result "1/2-1/2"]
[WhiteElo "2175"]
[BlackElo "2150"]
[PlyCount "88"]
[EventDate "1993.??.??"]
[EventType "swiss"]
[EventRounds "11"]
[EventCountry "DEN"]
[Source "ChessBase"]
[SourceDate "1998.11.10"]

1. d4 e6 2. e4 d5 3. e5 c5 4. Nf3 Nc6 5. dxc5 Bxc5 6. Bd3 f6 7. Qe2 fxe5 8.
Nxe5 Nxe5 9. Qxe5 Nf6 10. O-O Bd6 11. Bb5+ Kf7 12. Qe2 Bd7 13. Bg5 Bxb5 14.
Qxb5 Qc7 15. Bxf6 gxf6 16. g3 h5 17. Nc3 h4 18. Qd3 a6 19. Rad1 Be5 20. Ne2 f5
21. c3 Rag8 22. Kg2 Rg4 23. f4 Bf6 24. Rf3 Rhg8 25. Qe3 R4g6 26. Re1 Be7 27.
Nd4 Qd7 28. Qe2 hxg3 29. h3 Bc5 30. Re3 Bxd4 31. cxd4 Qd6 32. Re5 Rc8 33. Qd3
Qc6 34. Qe3 Qc2+ 35. Re2 Qc6 36. Qf3 Rh8 37. Re1 Qc4 38. Qe3 Qc2+ 39. Qe2 Rc8
40. Qxc2 Rxc2+ 41. R5e2 Rc4 42. Rd2 Rg8 43. Re3 Rc1 44. Rde2 Rg6 1/2-1/2